Modernización educativa y cambio institucional en el norte de México /

Análisis de cómo se plasmó el federalismo educativo planteado en el Programa para la Modernización Educativa 1989-1994, en los estados de Nuevo León, Chihuahua, Baja California, Sonora, Coahuila y Tamaulipas. De forma particular se estudian la asignación de recursos (humanos, físicos y financieros)...

Celý popis

Uloženo v:
Podrobná bibliografie
Hlavní autor: Espinoza Valle, Víctor Alejandro (coord.)
Médium: Kniha
Jazyk:španělština
Vydáno: México : El Colegio de la Frontera Norte, 1999, c1999
Témata:
Tagy: Přidat tag
Žádné tagy, Buďte první, kdo vytvoří štítek k tomuto záznamu!

MARC

LEADER 00000nam^a2200000^a^4500
001 000108673
005 20250521000000.0
009 20260526122422.007
020 |a 968-6075-83-6 
037 |a Acervo ITESO - Biblioteca 
041 |a ESP 
082 |a 379. 721  |b ESP 
100 |a Espinoza Valle, Víctor Alejandro  |e (coord.) 
245 1 0 |a Modernización educativa y cambio institucional en el norte de México /  |c Coord. de V.A. Espinoza Valle. 
264 4 |a México :  |b El Colegio de la Frontera Norte,  |c 1999, c1999 
300 |a 263 p. 
336 |a texto  |b txt  |2 rdacontenido 
337 |a sin mediación  |b n  |2 rdamedio 
338 |a volumen  |b nc  |2 rdasoporte 
520 |a Análisis de cómo se plasmó el federalismo educativo planteado en el Programa para la Modernización Educativa 1989-1994, en los estados de Nuevo León, Chihuahua, Baja California, Sonora, Coahuila y Tamaulipas. De forma particular se estudian la asignación de recursos (humanos, físicos y financieros) para ese fin y la adecuación de la estructura gubernamental estatal. 
649 |a XX 
650 |a México (Frontera Norte) -  |x Historia -  |y 1980-1989 
650 |a México (Frontera Norte) -  |x Historia -  |y 1990-1999 
650 |a Centralización y Descentralización Educativa -  |z México -  |x Historia -  |y 1980-1989 
650 |a Centralización y Descentralización Educativa -  |z México -  |x Historia -  |y 1990-1999 
650 |a Federalismo -  |z México -  |x Historia -  |y 1980-1989 
650 |a Federalismo -  |z México -  |x Historia -  |y 1990-1999 
650 |a Modernización Educativa -  |z México -  |x Historia -  |y 1980-1989 
650 |a Modernización Educativa -  |z México -  |x Historia -  |y 1990-1999 
650 |a Política Educativa -  |z México -  |x Historia -  |y 1980-1989 
650 |a Política Educativa -  |z México -  |x Historia -  |y 1990-1999 
650 |a Educación y Estado -  |z México -  |x Historia -  |y 1980-1989 
650 |a Educación y Estado -  |z México -  |x Historia -  |y 1990-1999 
650 |a Educación Pública -  |z México -  |x Historia -  |y 1980-1989 
650 |a Educación Pública -  |z México -  |x Historia -  |y 1990-1999 
910 |a Fondo General 
920 |a Impresos - Libros 
930 |a Colección General 
905 |a 101 
901 |a 0500045035  |b IT1  |c ACC  |u 20250521 
901 |a 0500051090  |b IT1  |c ACC  |u 20250521 
902 |a https://opac.biblio.iteso.mx/vufind/Record/000108673